| 000 | 01597nam a2200385Ia 4500 | ||
|---|---|---|---|
| 001 | ebr10160508 | ||
| 003 | CaPaEBR | ||
| 006 | m u | ||
| 007 | cr cn||||||||| | ||
| 008 | 060726s2006 enk s 000 0aeng d | ||
| 015 |
_aGBA667901 _2bnb |
||
| 020 | _z9780195170832 (pbk.) : | ||
| 020 | _z0195170830 (pbk.) : | ||
| 040 |
_aCaPaEBR _cCaPaEBR |
||
| 035 | _a(OCoLC)163596724 | ||
| 050 | 1 | 4 |
_aE99.M83 _bO23 2006eb |
| 082 | 0 | 4 |
_a974.004973092 _222 |
| 100 | 1 |
_aOccom, Samson, _d1723-1792. |
|
| 245 | 1 | 0 |
_aSamson Occom _h[electronic resource] : _bcollected writings from a founder of Native American literature / _cedited by Joanna Brooks. |
| 260 |
_aOxford : _bOxford University Press, _c2006. |
||
| 300 | _a445 p. | ||
| 533 |
_aElectronic reproduction. _bPalo Alto, Calif. : _cebrary, _d2009. _nAvailable via World Wide Web. _nAccess may be limited to ebrary affiliated libraries. |
||
| 600 | 1 | 0 |
_aOccom, Samson, _d1723-1792 _vDiaries. |
| 600 | 1 | 0 |
_aOccom, Samson, _d1723-1792 _vCorrespondence. |
| 650 | 0 |
_aMohegan Indians _vBiography. |
|
| 650 | 0 |
_aIndian civic leaders _zNew England _vBiography. |
|
| 650 | 0 |
_aIndian religious leaders _zNew England _vBiography. |
|
| 650 | 0 |
_aPreaching _vEarly works to 1800. |
|
| 650 | 0 |
_aIndians of North America _xMissions _zNew England. |
|
| 650 | 0 |
_aIndians of North America _zNew England _xReligion. |
|
| 655 | 7 |
_aElectronic books. _2local |
|
| 700 | 1 |
_aBrooks, Joanna, _d1971- |
|
| 710 | 2 | _aebrary, Inc. | |
| 856 | 4 | 0 |
_uhttp://site.ebrary.com/lib/rucke/Doc?id=10160508 _zAn electronic book accessible through the World Wide Web; click to view |
| 999 |
_c132985 _d132985 |
||